000 02050nam a22005177a 4500
003 CHAP
005 20220817044249.0
008 090415s2008 mx b r 00010 spa d
010 _a96060
011 _a97032
035 _a107691
040 _cCHAP
090 _aTesis
100 0 0 _aAvila Romero, León Enrique.
_98830
245 1 0 _aLogros y límites de las estrategias sustentables de desarrollo autónomo en el norte de Chiapas, México
_c/por León Enrique Avila Romero
260 _aChapingo, Méx. :
_bEl autor,
_c2008
300 _a257 h. :
_bcuadros, gráfs., mapas
502 _aTesis (Dr. en Ciencias en Ciencias Agrarias) -- UACH. Departamento de Sociología Rural
530 _aTambién disponible en línea
590 _aALEPH
_b10
_c20130110
_lUCH01
_h1529
590 _aBATCH-UPD
_b10
_c20130110
_lUCH01
_h0220
590 _aBATCH-UPD
_b10
_c20130110
_lUCH01
_h1039
590 _aBATCH-UPD
_b10
_c20130409
_lUCH01
_h2240
590 _aBATCH-UPD
_b10
_c20130410
_lUCH01
_h1107
590 _aBATCH-UPD
_b10
_c20130913
_lUCH01
_h2233
590 _aBATCH-UPD
_b10
_c20130914
_lUCH01
_h1545
590 _aBATCH-UPD
_b10
_c20140324
_lUCH01
_h1511
590 _aBATCH-UPD
_b10
_c20141002
_lUCH01
_h0839
590 _aBATCH
_b00
_c20181121
_lUCH01
_h0758
590 _aCONVERSION
_b10
_c20130109
_lUCH01
_h1353
650 1 4 _aAgricultura contractual.
_91944
650 1 4 _aAgricultura orgánica.
_92005
650 1 4 _aAgricultura sustentable
_zChiapas.
_92022
650 1 4 _aAgricultura
_xAspectos económicos.
650 1 4 _aAgricultura
_xChiapas.
_91355
650 1 4 _aDesarrollo sustentable
_zChiapas.
_932099
650 1 4 _aGlobalización.
_948300
650 1 4 _aIndios de Chiapas.
_957593
650 1 4 _aMujer en comunidades rurales
_xChiapas.
_979365
856 _3Finding aid
_uhttp://10.13.5.2/tesis/107691.pdf
_zTeclea aqui
856 _a1
_n0000640
901 _aBK
942 _cFOLL
949 _aTesis
_bBC
_cTES
_d33724002090132
_eTS1
_gDonaciØn
_h49271
_i107691
_sb
949 _aTesis
_bBC
_cTES
_d33724002090173
_eTS2
_fc.2
_gDonaciØn
_h49272
_i107691
_sb
999 _c96060
_d96060